00266nam a22000977a 4500082001300000100002400013245003200037260002100069300001100090500006700101 aع ن ا aعنایت بلوچ aسانگین سنبارون a؟b؟c۲۰۱۳ a۲۹۱ aDonated by Dr Assadullah Qazi V.C ISRA University , Hyderabad